000
00194nam a22000977a 4500
003
SGT
245
_a
Dental Clinics of North America
260
_b
Saunders
_c
2002
300
_a
902
942
_2
ddc
_c
BV
999
_c
27376
_d
27376